书目信息 |
| 题名: |
非组蛋白的乙酰化及巴豆酰化修饰在肿瘤中的功能和机制研究
|
|
| 作者: | 许炜智 著 | |
| 分册: | ||
| 出版信息: | 北京 《中国学术期刊(光盘版)》电子杂志社有限公司 2021.2 |
|
| 页数: | 97页 | |
| 开本: | 24cm | |
| 丛书名: | ||
| 单 册: | ||
| 中图分类: | Q512 , R730.231 | |
| 科图分类: | ||
| 主题词: | 组蛋白--乙酰化--翻译后修饰--癌发生--遗传调控--研究 | |
| 电子资源: | ||
| ISBN: | 978-7-83014-024-3 | |
| 000 | 01584nam0 2200241 45 | |
| 001 | 012001002943 | |
| 005 | 20141010141700.0 | |
| 010 | @a978-7-83014-024-3@b精装@dCNY109.00 | |
| 100 | @a20200331d2020 em y0chiy0110 ea | |
| 101 | 0 | @achi |
| 102 | @aCN@b110000 | |
| 105 | @ay z 000yy | |
| 106 | @ar | |
| 200 | 1 | @a非组蛋白的乙酰化及巴豆酰化修饰在肿瘤中的功能和机制研究@Afei zu dan bai de yi xian hua ji ba dou xian hua xiu shi zai zhong liu zhong de gong neng he ji zhi yan jiu@f许炜智著 |
| 210 | @a北京@c《中国学术期刊(光盘版)》电子杂志社有限公司@d2021.2 | |
| 215 | @a97页@d24cm | |
| 330 | @a乙酰化修饰是研究最为广泛的一种蛋白质酰基化修饰。组蛋白的乙酰化能调控基因转录,非组蛋白的乙酰化则参与基因转录,信号转导,DNA复制及修复,细胞代谢、分化和发育等多项生物过程的调控,其在肿瘤发生发展中也发挥着重要的作用。巴豆酰化修饰是新近发现的一种短链酰基化修饰,目前已在组蛋白上鉴定出28个巴豆酰化的赖氨酸位点,功能和乙酰化类似——改变染色质的结构,调节基因的转录表达。本专著以转录因子HOXB9为例,证明了非组蛋白乙酰化修饰在肿瘤调控过程中的重要作用,同时,通过在肺腺癌细胞中的巴豆酰化组学分析鉴定出大量被修饰的非组蛋白,并首次发现非组蛋白巴豆酰化的相关酶,为其后续功能的研究奠定了基础。本专著属于“盘配书”出版项目,纸质书包含本专著主体内容,方便读者进行线下阅读。光盘除利用HTML格式展示主体内容外,附带有与之关联的数字资源及部分原始数据,从而实现纸媒与数媒的融合出版。 | |
| 606 | 0 | @a组蛋白@x乙酰化@x翻译后修饰@x癌发生@x遗传调控@x研究 |
| 690 | @aQ512@v5 | |
| 690 | @aR730.231@v5 | |
| 701 | 0 | @a许炜智@Axu wei zhi@4著 |
| 801 | 0 | @aCN@bBJSDL@c20211018 |
| 905 | @b1350914-6@dQ512@e339@f3 | |
| 非组蛋白的乙酰化及巴豆酰化修饰在肿瘤中的功能和机制研究/许炜智著.-北京:《中国学术期刊(光盘版)》电子杂志社有限公司,2021.2 |
| 97页;24cm |
| ISBN 978-7-83014-024-3(精装):CNY109.00 |
| 乙酰化修饰是研究最为广泛的一种蛋白质酰基化修饰。组蛋白的乙酰化能调控基因转录,非组蛋白的乙酰化则参与基因转录,信号转导,DNA复制及修复,细胞代谢、分化和发育等多项生物过程的调控,其在肿瘤发生发展中也发挥着重要的作用。巴豆酰化修饰是新近发现的一种短链酰基化修饰,目前已在组蛋白上鉴定出28个巴豆酰化的赖氨酸位点,功能和乙酰化类似——改变染色质的结构,调节基因的转录表达。本专著以转录因子HOXB9为例,证明了非组蛋白乙酰化修饰在肿瘤调控过程中的重要作用,同时,通过在肺腺癌细胞中的巴豆酰化组学分析鉴定出大量被修饰的非组蛋白,并首次发现非组蛋白巴豆酰化的相关酶,为其后续功能的研究奠定了基础。本专著属于“盘配书”出版项目,纸质书包含本专著主体内容,方便读者进行线下阅读。光盘除利用HTML格式展示主体内容外,附带有与之关联的数字资源及部分原始数据,从而实现纸媒与数媒的融合出版。 |
| ● |
| 相关链接 |
|
|
|
|
正题名:非组蛋白的乙酰化及巴豆酰化修饰在肿瘤中的功能和机制研究
索取号:Q512/339
 
预约/预借
| 序号 | 登录号 | 条形码 | 馆藏地/架位号 | 状态 | 备注 |
| 1 | 1350914 | 213509149 | 第二样本阅览室/ [索取号:Q512/339] | 在馆 | |
| 2 | 1350915 | 213509158 | 第三借阅区/ [索取号:Q512/339] | 在馆 | |
| 3 | 1350916 | 213509167 | 第三借阅区/ [索取号:Q512/339] | 在馆 |